التذكرة البلقينية في الفوائد والمسائل المنثورة / (رقم التسجيلة. 81399)
[ عرض عادي ]
| 000 -الفاتح | |
|---|---|
| حقل البيانات ثابتة الطول | 01072nam a22002417a 4500 |
| 003 - محدد رقم الضبط | |
| رقم الضبط | OSt |
| 005 - وقت وتاريخ اخر تعامل مع التسجيلة | |
| رقم الضبط | 20220810142353.0 |
| 008 - عناصر البيانات ثابتة الطول - معلومات عامة | |
| حقل البيانات ثابتة الطول | 220810b2015 jo ||||g |||| 00| 0 ara d |
| 020 ## - الرقم الدولى المعيارى للكتب | |
| الرقم الدولى المعيارى للكتاب | 9789957566505 |
| 040 ## - مصدر الفهرسة | |
| وكالة الفهرسة الأصلية | Ma-Un |
| وكالة النسخ | Ma-Un |
| 082 ## - رقم تصنيف ديوى العشرى | |
| رقم الطبعة | 21 |
| رقم التصنيف | 810.9 |
| رقم المادة | ب ص ت |
| 100 ## - المدخل الرئيسى - إسم شخصى | |
| الإسم الشخصى | البلقيني، صالح بن عمر بن رسلان. |
| 245 ## - بيان العنوان | |
| العنوان | التذكرة البلقينية في الفوائد والمسائل المنثورة / |
| بيان المسئوليه,etc | للإمام العلامة الفقيه علم الدين صالح بن عمر البلقيني ؛ اعتنى بتحقيقها محمد عايش. |
| 250 ## - بيان الطبعة | |
| بيان الطبعة | ط. 1. |
| 260 ## - PUBLICATION, DISTRIBUTION, ETC. (IMPRINT) | |
| مكان الناشر او الموزع | عمان، الأردن : |
| اسم الناشر او الموزع | أروقة للدراسات والنشر، |
| تاريخ النشر أو التوزيع | 2015 |
| تاريخ النشر هجري | 1436 |
| 300 ## - الوصف المادى | |
| التعداد | 8 مج. ؛ |
| أبعاد الوعاء | 24 سم. |
| 490 ## - بيان السلسلة | |
| عنوان السلسلة | المكتبة اليقينية. |
| رقم المجلد/ التعيين التسلسلي | (6). |
| 504 ## - تبصرة ببليوجرافية | |
| تبصرة ببليوجرافية,الخ | يشتمل على قائمة ببليوجرافية. |
| 650 ## - المدخل الاضافى بالموضوع-مصطلح موضوعى | |
| مصطلح موضوعي أو اسم جغرافي كعنصر مدخل | الأدب العربي. |
| التقسيم الفرعي العام | تاريخ ونقد. |
| 700 ## - المدخل الاضافى - اسم شخصى | |
| الإسم الشخصى | عايش، محمد. |
| الدور | محقق. |
| 952 ## - LOCATION AND ITEM INFORMATION (KOHA) | |
| نوع المادة فى نظام كوها | كتاب |
| 952 ## - LOCATION AND ITEM INFORMATION (KOHA) | |
| نوع المادة فى نظام كوها | كتاب |
| 952 ## - LOCATION AND ITEM INFORMATION (KOHA) | |
| نوع المادة فى نظام كوها | كتاب |
| 952 ## - LOCATION AND ITEM INFORMATION (KOHA) | |
| نوع المادة فى نظام كوها | كتاب |
| 952 ## - LOCATION AND ITEM INFORMATION (KOHA) | |
| نوع المادة فى نظام كوها | كتاب |
| 243 ## - العنوان الموحد التجميعى | |
| عنوان موحد | المكتبة اليقينية. |
| 942 ## - | |
| -- | ddc |
| -- | BOOK |
| حالة الفقد | نموذج السعر الفعال | حالة تلف | ليس للاعارة | تاريخ الاكتساب | رقم الطلب | رقم النسخة | تاريخ الاكتساب | الموقع الحالي | الباركود | الفرع الرئيسي | Date last seen | مصدر التصنيف او خطة الترفيف | Total Checkouts |
|---|---|---|---|---|---|---|---|---|---|---|---|---|---|
| 2022-08-10 | Not For Loan | 2022-08-10 | 810.9 ب ص ت | مج.8 | 2022-08-10 | CL | 00184634 | المكتبة المركزية بالمجمعة (CL) | 2022-08-10 | Dewey Decimal Classification | |||
| 2022-08-10 | 2022-08-10 | 810.9 ب ص ت | مج.8 | 2022-08-10 | CL | 00184635 | المكتبة المركزية بالمجمعة (CL) | 2022-08-10 | Dewey Decimal Classification | ||||
| 2022-08-10 | 2022-08-10 | 810.9 ب ص ت | مج.8 | 2022-08-10 | CL | 00184636 | المكتبة المركزية بالمجمعة (CL) | 2022-08-10 | Dewey Decimal Classification | ||||
| 2022-08-10 | Not For Loan | 2022-08-10 | 810.9 ب ص ت | مج.8 | 2022-08-10 | SZM | 00184637 | مكتبة مجمع الكليات بالزلفى - طلاب (SZM) | 2022-08-10 | Dewey Decimal Classification | |||
| 2022-08-10 | 2022-08-10 | 810.9 ب ص ت | مج.8 | 2022-08-10 | SZM | 00184638 | مكتبة مجمع الكليات بالزلفى - طلاب (SZM) | 2022-08-10 | Dewey Decimal Classification |
